Páramos del Departamento del Valle del Cauca, Colombia / (Registro nro. 1498)

Detalles MARC
000 -CABECERA
Campo de control 01106cam a22002654a 4500
005 - FECHA Y HORA DE LA ULTIMA TRANSACCION
Campo de control 20151209090103.0
008 - ELEMENTOS DE LONGITUD FIJA—INFORMACION GENERAL
Campo de control 020315s2000 ck a b 000 0 spa c
020 ## - ISBN
ISBN 9589663729
020 ## - ISBN
ISBN 9589663702 (series)
040 ## - FUENTE DE CATALOGACIÓN
Agencia catalogadora original FUG
Agencia transcriptora FUG
Agencia Modificadora DLC
-- CO-BoIAVH
041 0# - IDIOMA
Código de idioma para texto/pista de sonido o título separado Español
044 ## - PAÍS DE PUBLICACIÓN
País de publicación Colombia
082 04 - NUMERO DE CLASIFICACION DECIMAL DEWEY
Número de clasificación 577.6809
Número del ítem G56p
100 1# - ASIENTO PRINCIPAL--NOMBRE PERSONAL
Nombre personal Gómez Hoyos, Natalia.
9 (RLIN) 3455
245 10 - MENCION DE TITULO
Título Páramos del Departamento del Valle del Cauca, Colombia /
Mención de responsabilidad textos, Natalia Gómez Hoyos, William G. Vargas ; fotografía, Diego Miguel Garcés Guerrero.
246 10 - FORMA VARIANTE DEL TITULO
Título propiamente dicho/forma breve del título The highlands of Colombia's Cauca Valley Departament
260 ## - PUBLICACION, DISTRIBUCION, ETC. (PIE DE IMPRENTA)
Lugar de publicación, distribución, etc. Cali, Colombia :
Nombre del editor, distribuidor, etc. CVC, Corporación Autónoma Regional del Valle del Cauca,
Fecha de publicación, distribución, etc. [2000?]
300 ## - DESCRIPCION FISICA
Extensión 60 páginas :
Otros detalles físicos ilustraciones a color ;
Dimensiones 16 x 16 cm.
504 ## - NOTA DE BIBLIOGRAFIA, ETC.
Nota de bibliografía Incluye referencias bibliográficas (página 60).
650 #6 - ASIENTO SECUNDARIO DE MATERIA - TERMINO TEMATICO
Término temático o nombre geográfico como elemento de entrada Páramos
Subdivisión general Plantas
Subdivisión geográfica Colombia
-- Valle del Cauca.
9 (RLIN) 43841
650 #6 - ASIENTO SECUNDARIO DE MATERIA - TERMINO TEMATICO
Término temático o nombre geográfico como elemento de entrada Páramos
Subdivisión geográfica Colombia
-- Valle del Cauca.
9 (RLIN) 43842
700 1# - ASIENTO SECUNDARIO - NOMBRE PERSONAL
Nombre personal Vargas, William G.
Forma más completa del nombre (William Gerardo)
9 (RLIN) 43843
700 1# - ASIENTO SECUNDARIO - NOMBRE PERSONAL
Nombre personal Garcés Guerrero, Diego Miguel,
Fechas asociadas con el nombre 1959-
9 (RLIN) 43844
942 ## - ELEMENTOS ADICIONALES (KOHA)
Sistema de clasificación Dewey Decimal Classification
Tipo de ítem Libro
Existencias
Withdrawn status Lost status Sistema de Clasificación Damaged status No para préstamo Colección Inventariado Ubicación Permanente Ubicación actual Fecha de adquisición Fuente de Valor Valor Total Checkouts Número topográfico Inventario / Código de Barras Date last seen Ejemplar Price effective from Tipo de material Date checked out Public note
    Dewey Decimal Classification     General Inventariado 2017 Bogotá Bogotá 02/11/1999 Instituto 39000.00   LB-577.6809 G56p 002081 04/12/2012 Ej. 1 04/12/2012 Libro    
    Dewey Decimal Classification     General Inventariado 2017 Bogotá Bogotá 02/11/1999 Instituto 39000.00 1 LB-577.6809 G56p 002082 13/11/2019 Ej. 2 04/12/2012 Libro 13/11/2019 Libro en inglés.